Normal view
MARC view
- Mujeres
Entry Materia
Number of records used in: 225
001 - NÚMERO DE CONTROL DEL REGISTRO
- campo de control: 7160
003 - IDENTIFICADOR DE NUMERO DE CONTROL
- campo de control: UPN
005 - FECHA Y HORA DE LA ÚLTIMA TRANSACCIÓN
- campo de control: 20240924105858.0
008 - DATOS DE LONGITUD FIJA
- campo de control de longitud fija: nabaccnnaabn|||||||||| b |nc|||||d
035 ## - NÚMERO DE CONTROL DEL SISTEMA
- Número de control del sistema: UPN10000007164
040 ## - FUENTE DE LA CATALOGACIÓN
- Lengua de catalogación: SPA
- Agencia de transcripción: UPN
- Centro catalogador de origen: MX-MxUPN
046 ## - FECHAS CON CODIFICACIÓN ESPECIAL
- Fecha final para contenidos agregados: 2022
150 ## - ENCABEZAMIENTO - TEMÁTICO
- Término de materia o nombre geográfico como elemento inicial: Mujeres
360 ## - REFERENCIA COMPLEJA DE VÉASE ADEMÁS - MATERIA
- Texto explicativo: Véase también
- Encabezamiento al que se remite: MUJERES
- Texto explicativo: bajo guerras individuales. Ej.:
- Encabezamiento al que se remite: GUERRA MUNDIAL II, 1939-1945 - MUJERES ;
- Texto explicativo: y también como subdivisión
- Encabezamiento al que se remite: RELACIONES CON MUJERES
- Texto explicativo: bajo nombres de personas. Ej.:
- Encabezamiento al que se remite: AUTORES - RELACIONES CON MUJERES
- Texto explicativo: y encabezamientos que empiezan con la palabra Mujeres
670 ## - FUENTE EN LA QUE SE LOCALIZARON DATOS
- Cita de la fuente: LC/P
- Información localizada: Women
680 ## - NOTA GENERAL CON DESPLIEGUE PÚBLICO
- Texto explicativo: Para trabajos que traten sobre una actividad o se aborden temas de mujeres que ejerzan alguna profesión en particular, se asentarán en forma directa, cuando la profesión o actividad desempeñada se pueda cambiar al género femenino. Ej.:
- Encabezamiento: MAESTRAS ; PSICOLOGAS ; AUTORAS
- Texto explicativo: excepto aquellas profesiones que no acepten dicho cambio. Ej.:
- Encabezamiento: MUJERES MEDICOS ; MUJERES CIENTIFICOS ; MUJERES ASTRONAUTAS
902 ## - CATALOGADOR
- Catalogador: BDV/240807
